000 00371 a2200169 4500
001 186851
020 _a85-08-03747-3
040 _cMagnum
100 _aSilva, Leonice Bueno da
240 1 0 _aOs direitos da criança
_lpor
245 1 0 _aOs direitos da criança
300 _a22
362 0 _a1998
440 1 _aÁtica
697 _aLITERATURA INFANTO
942 _cBK
999 _c186851
_d186851